| 000 | 00518nam a2200169Ia 4500 | ||
|---|---|---|---|
| 008 | 160114s9999 xx 000 0 und d | ||
| 020 | _a 0-671025481 | ||
| 050 | _aFic. | ||
| 050 | _b.K26c 1999 | ||
| 100 | _aKeene, Carolyn. | ||
| 245 | 4 |
_aThe clue of the gold doubloons / _cCarolyn Keene. |
|
| 260 |
_aNew York : _bAladdin Paperpacks. _c1999 |
||
| 300 |
_a151 pages; _c20 cm. |
||
| 440 | _aNancy Drew mystery stories ; 149 | ||
| 650 | _a Detective and mystery stories. | ||
| 650 | _aMystery and detective stories. | ||
| 999 |
_c290357 _d290357 |
||